Design and Practice of Cruise Ports (Record no. 12632)

000 -LEADER
fixed length control field 03295nam a22005655i 4500
001 - CONTROL NUMBER
control field 978-981-15-5428-5
003 - CONTROL NUMBER IDENTIFIER
control field DE-He213
005 - DATE AND TIME OF LATEST TRANSACTION
control field 20250103112322.0
007 - PHYSICAL DESCRIPTION FIXED FIELD--GENERAL INFORMATION
fixed length control field cr nn 008mamaa
008 - FIXED-LENGTH DATA ELEMENTS--GENERAL INFORMATION
fixed length control field 200526s2020 si | s |||| 0|eng d
020 ## - INTERNATIONAL STANDARD BOOK NUMBER
International Standard Book Number 9789811554285
-- 978-981-15-5428-5
024 ## - OTHER STANDARD IDENTIFIER
Standard number or code 10.1007/978-981-15-5428-5
Source of number or code doi
050 ## - LIBRARY OF CONGRESS CALL NUMBER
Classification number TH1-9745
072 ## - SUBJECT CATEGORY CODE
Subject category code TNK
Source bicssc
072 ## - SUBJECT CATEGORY CODE
Subject category code TEC005050
Source bisacsh
072 ## - SUBJECT CATEGORY CODE
Subject category code TNK
Source thema
082 ## - DEWEY DECIMAL CLASSIFICATION NUMBER
Classification number 690
Edition number 23
100 ## - MAIN ENTRY--PERSONAL NAME
Personal name Cheng, Zekun.
Relator term author.
Relationship aut
-- http://id.loc.gov/vocabulary/relators/aut
245 ## - TITLE STATEMENT
Title Design and Practice of Cruise Ports
Medium [electronic resource] /
Statement of responsibility, etc. by Zekun Cheng, Lei Gong, Chen Li.
250 ## - EDITION STATEMENT
Edition statement 1st ed. 2020.
260 ## - PUBLICATION, DISTRIBUTION, ETC.
Place of publication, distribution, etc. Singapore :
Name of publisher, distributor, etc. Springer Nature Singapore :
-- Imprint: Springer,
Date of publication, distribution, etc. 2020.
300 ## - PHYSICAL DESCRIPTION
Extent XIII, 321 p. 270 illus., 254 illus. in color.
Other physical details online resource.
336 ## - CONTENT TYPE
Content type term text
Content type code txt
Source rdacontent
337 ## - MEDIA TYPE
Media type term computer
Media type code c
Source rdamedia
338 ## - CARRIER TYPE
Carrier type term online resource
Carrier type code cr
Source rdacarrier
347 ## - DIGITAL FILE CHARACTERISTICS
File type text file
Encoding format PDF
Source rda
490 ## - SERIES STATEMENT
Series statement Springer Series on Naval Architecture, Marine Engineering, Shipbuilding and Shipping,
International Standard Serial Number 2194-8453 ;
Volume/sequential designation 4
505 ## - FORMATTED CONTENTS NOTE
Formatted contents note Executive Summary -- Preface -- Introduction -- Cruise Ships -- Global Cruise Ports -- Site Selection of Cruise Terminals -- General Layout of Cruise Terminals -- Cruise Terminal Process -- Terminal Building -- Marine Structures and Other Facilities -- Construction Practice of Cruise Port Construction -- Prospect.
520 ## - SUMMARY, ETC.
Summary, etc. This book focuses on design technologies and practical engineering applications in connection with cruise ports and terminals. After a brief introduction to cruise ships and global cruise ports, it addresses the location, structure and layout of cruise terminals, the technologies involved, cruise terminal buildings and supporting facilities. The book also explores practical engineering cases, including projects that the authors have worked on, such as the Shenzhen Prince Bay and Shanghai Wusongkou International Cruise Terminal projects. Systematically discussing the design and engineering aspects of domestic and international cruise terminals, the book offers a practical reference guide for engineers, researchers, practitioners and policymakers in relevant fields.
650 ## - SUBJECT ADDED ENTRY--TOPICAL TERM
Topical term or geographic name entry element Buildings
General subdivision Design and construction.
650 ## - SUBJECT ADDED ENTRY--TOPICAL TERM
Topical term or geographic name entry element Transportation engineering.
650 ## - SUBJECT ADDED ENTRY--TOPICAL TERM
Topical term or geographic name entry element Traffic engineering.
650 ## - SUBJECT ADDED ENTRY--TOPICAL TERM
Topical term or geographic name entry element Civil engineering.
650 ## - SUBJECT ADDED ENTRY--TOPICAL TERM
Topical term or geographic name entry element Building Construction and Design.
650 ## - SUBJECT ADDED ENTRY--TOPICAL TERM
Topical term or geographic name entry element Transportation Technology and Traffic Engineering.
650 ## - SUBJECT ADDED ENTRY--TOPICAL TERM
Topical term or geographic name entry element Civil Engineering.
700 ## - ADDED ENTRY--PERSONAL NAME
Personal name Gong, Lei.
Relator term author.
Relationship aut
-- http://id.loc.gov/vocabulary/relators/aut
700 ## - ADDED ENTRY--PERSONAL NAME
Personal name Li, Chen.
Relator term author.
Relationship aut
-- http://id.loc.gov/vocabulary/relators/aut
710 ## - ADDED ENTRY--CORPORATE NAME
Corporate name or jurisdiction name as entry element SpringerLink (Online service)
773 ## - HOST ITEM ENTRY
Title Springer Nature eBook
776 ## - ADDITIONAL PHYSICAL FORM ENTRY
Relationship information Printed edition:
International Standard Book Number 9789811554278
776 ## - ADDITIONAL PHYSICAL FORM ENTRY
Relationship information Printed edition:
International Standard Book Number 9789811554292
776 ## - ADDITIONAL PHYSICAL FORM ENTRY
Relationship information Printed edition:
International Standard Book Number 9789811554308
830 ## - SERIES ADDED ENTRY--UNIFORM TITLE
Uniform title Springer Series on Naval Architecture, Marine Engineering, Shipbuilding and Shipping,
International Standard Serial Number 2194-8453 ;
Volume/sequential designation 4
856 ## - ELECTRONIC LOCATION AND ACCESS
Uniform Resource Identifier <a href="https://doi.org/10.1007/978-981-15-5428-5">https://doi.org/10.1007/978-981-15-5428-5</a>
912 ## -
-- ZDB-2-ENG
912 ## -
-- ZDB-2-SXE
Holdings
Withdrawn status Lost status Damaged status Not for loan Permanent Location Current Location Date acquired Date last seen Price effective from Koha item type
        IMU-MPC Library IMU-MPC Library 2025-01-03 2025-01-03 2025-01-03 E-Book
Copyright © 2021 Indian Maritime University, Mumbai Port Campus. All Rights Reserved. Managed & Maintained by Central Library, IMU-Mumbai

webs counters

Powered by Koha